02390agaaa2200301 45000010005000000030009000050050017000140070009000310080040000400400023000800410013001031000052001161300061001682450224002292500022004532600094004753000033005695080129006025200953007315380016016845460013017006500058017137000050017717000069018217000064018907000064019547000070020183882IT-RoPAU20220918181222.0d cvaizq50131s9999||||xx ||| | || ||und|| aIT-RoPAUcIT-RoPAU aITALIANO aDi Diodato RobertogCodice regista SPICS: 55765 aCAMMINO DI DIO CON L'UOMO (IL) - LA STORIA DELLE ORIGINI aCAMMINO DI DIO CON L'UOMO (IL) - LA STORIA DELLE ORIGINIcProdotto da: Telenova Sat2000 Ita Diretto da: Di Diodato RobertopCAMMINO DI DIO CON L'UOMO (IL) - LA STORIA DELLE ORIGINI (Rif. Codice opera principale : H3882) aEdizione Standard aMILANO (ITALIA)bMULTIMEDIA SAN PAOLO / g"2003 (1° ed.: 2003 ; Ed. Lingua Orig.: 2003)" aVHSbsonoro, col.c55 minuti a"Fotografia: Soetje Russo Melis; Montaggio: Maurizio Alba; Musica: AA.VV. ; Soggetto: Borgonovo Gianantonio -- Gironi Primo" a"""IL CAMMINO DI DIO CON L'UOMO"" E' LA PIU' RECENTE E APPROFONDITA INDAGINE SULLE PAGINE PIU' DIFFICILI E MENO CONOSCIUTE DELL'ANTICO TESTAMENTO. UNA SPECIE DI GRANDE QUARK CHE INTENDE AVVICINARE LA GENTE ALLA PAROLA DI DIO PER FARNE SCOPRIRE IL FASCINO ETERNO E MISTERIOSO. LE IMMAGINI SONO STATE GIRATE NEI LUOGHI PIU' IMPORTANTI E NEI SITI ARCHEOLOGICI PIU' ANTICHI E SUGGESTIVI DEL VICINO ANTICO ORIENTE. DOCUMENTARIO A COLORI. EVENTI TRATTATI: 1.I RACCONTI DELLA CREAZIONE DEI POPOLI DEL VICINO ANTICO ORIENTE E IL LORO INFLUSSO SULLA GENESI; 2. PERCHE' LA BIBBIA INIZIA CON LA CREAZIONE?; 3. I DUE RACCONTI DELLA CREAZIONE; 4. SONO COMPATIBILI CREAZIONE ED EVOLUZIONE?;5. IL PECCATO ORIGINALE E LE SUE CONSEGUENZE; 6. IL PRIMO ASSASSINIO; 7. IL ""SEGNO"" DI CAINO; 8. PERCHE' I PRIMI UOMINI VIVEVANO COSI' A LUNGO?; 9. IDUE RACCONTI DEL DILUVIO; 10. IL DILUVIO E' STATO UN FATTO STORICO DOCUMENTABILE?; 11. CHE SIGNIFICA LA TORRE DI BABELE?" aPAL, STEREO aITALIANO aDOCUMENTARIOeFILMS [VHS]xCodice MATERIA SPICS: 9960 aAA.VV. e(musica)gCodice Musica SPICS: 12000 aBorgonovo Gianantonio e(soggetto)gCodice Soggetto SPICS: 57465 aDi Diodato Roberto e(regista)gCodice regista SPICS: 55765 aGironi Primo e(soggetto)gCodice Soggetto 2° SPICS: 34827 aGiuliani Stefaniae(regista)gCodice secondo regista SPICS: 57464